Նախահաշիւ Թիֆլիսի Ներսիսեան հայոց հոգեւոր դպրոցի ... ուսումնական տարւոյ. (Record no. 203895)
[ view plain ]
| 000 -LEADER | |
|---|---|
| fixed length control field | 01098nam a2200229 a 4500 |
| 003 - CONTROL NUMBER IDENTIFIER | |
| control field | AM-YeHGA |
| 040 ## - CATALOGING SOURCE | |
| Original cataloging agency | AM-YeHGA |
| 090 ## - LOCALLY ASSIGNED LC-TYPE CALL NUMBER (OCLC); LOCAL CALL NUMBER (RLIN) | |
| -- | 205390 |
| 001 - CONTROL NUMBER | |
| control field | 000542637 |
| 005 - DATE AND TIME OF LATEST TRANSACTION | |
| control field | 20250618073021.0 |
| 008 - FIXED-LENGTH DATA ELEMENTS--GENERAL INFORMATION | |
| fixed length control field | 070625|1910 ai | |||||||||||||arm|d |
| 041 0# - LANGUAGE CODE | |
| Language code of text/sound track or separate title | arm |
| 110 2# - MAIN ENTRY--CORPORATE NAME | |
| Corporate name or jurisdiction name as entry element | Ներսիսեան հայոց հոգեւոր դպրոց |
| 245 10 - TITLE STATEMENT | |
| Title | Նախահաշիւ Թիֆլիսի Ներսիսեան հայոց հոգեւոր դպրոցի ... ուսումնական տարւոյ. |
| 246 1# - VARYING FORM OF TITLE | |
| Title proper/short title | Նախահաշիւ Ներսիսեան հայոց հոգեւոր դպրոցի ... ուսումնական տարուայ |
| 260 ## - PUBLICATION, DISTRIBUTION, ETC. | |
| Place of publication, distribution, etc. | Թիֆլիս : |
| Name of publisher, distributor, etc. | տպ. Ն. Աղանեանցի, |
| Date of publication, distribution, etc. | 1910. |
| 300 ## - PHYSICAL DESCRIPTION | |
| Extent | Տարի ; |
| Dimensions | 30 սմ. |
| 505 10 - FORMATTED CONTENTS NOTE | |
| Miscellaneous information | 1909-10 (1910,17 կրկնակի, գծափակ էջ, աղյս.) |
| -- | 1910-11 (Ա. թ., 61 էջ, աղյս.) |
| -- | 1911-12 (1911, 67 էջ, աղյս.) |
| -- | 1912-13 (1912, 71 էջ, աղյս.) |
| -- | 1914-15 (1914, 101 էջ, աղյս.) |
| 610 14 - SUBJECT ADDED ENTRY--CORPORATE NAME | |
| Corporate name or jurisdiction name as entry element | Ներսիսեան հայոց հոգեւոր դպրոց |
| 650 14 - SUBJECT ADDED ENTRY--TOPICAL TERM | |
| Topical term or geographic name entry element | Դպրոցներ, վարժարաններ |
| 9 (RLIN) | 5206 |
| 942 ## - ADDED ENTRY ELEMENTS (KOHA) | |
| Source of classification or shelving scheme | Universal Decimal Classification |
| Koha item type | Գրքեր / Books |
| Withdrawn status | Lost status | Damaged status | Not for loan | Collection | Home library | Current library | Date acquired | Serial enumeration / chronology | Total checkouts | Full call number | Barcode | Date last seen | Price effective from | Koha item type | Public note |
|---|---|---|---|---|---|---|---|---|---|---|---|---|---|---|---|
| General | Fundamental Scientific Library | Fundamental Scientific Library | 28/12/2016 | 1909-10 | AIII/721 | FL0053230 | 28/12/2016 | 28/12/2016 | Գրքեր / Books | 30 Days Loan | |||||
| General | Fundamental Scientific Library | Fundamental Scientific Library | 28/12/2016 | 1910-11 | AIII/722 | FL0053226 | 28/12/2016 | 28/12/2016 | Գրքեր / Books | 30 Days Loan | |||||
| General | Fundamental Scientific Library | Fundamental Scientific Library | 28/12/2016 | 1910-11 | AIII/723 | FL0053227 | 28/12/2016 | 28/12/2016 | Գրքեր / Books | 30 Days Loan | |||||
| General | Fundamental Scientific Library | Fundamental Scientific Library | 28/12/2016 | 1911-12 | AIII/724 | FL0053228 | 28/12/2016 | 28/12/2016 | Գրքեր / Books | 30 Days Loan | |||||
| General | Fundamental Scientific Library | Fundamental Scientific Library | 28/12/2016 | 1911-12 | AIII/725 | FL0053229 | 28/12/2016 | 28/12/2016 | Գրքեր / Books | 30 Days Loan | |||||
| General | Fundamental Scientific Library | Fundamental Scientific Library | 28/12/2016 | 1914-15 | AIII/726 | FL0053231 | 28/12/2016 | 28/12/2016 | Գրքեր / Books | 30 Days Loan |
ՀՀ Գիտությունների ազգային ակադեմիայի հիմնարար գիտական գրադարան = Fundamental Scientific Library of NAS RA
All site content, except where otherwise noted, is licensed under a